000 00248nam a22001097a 4500
008 170111b xxu||||| |||| 00| 0 eng d
020 _a9780827381506
041 _aeng
080 _a618.2
245 _aPEDIATRIC NURSING
_cPOTTS, N.L
942 _2udc
_cBK
999 _c2711
_d2711